000 00366nam a22001217a 4500
041 _arus
080 _a908
245 _aМатеріали І-ІІІ науково-краєзнавчих конференцій "Остріг на порозі 900-річчя (1990 - 1992 рр.)"
250 _aМ34
260 _aОстрог
_c1992
300 _a118
942 _cBK
999 _c210299
_d210299